000 00484nam a2200181Ia 4500
003 GCL
005 20240530100639.0
008 140319s9999 xx 000 0 eng d
040 _aGCL /
_cGCL
082 0 4 _a747.93
_bT T
100 1 _aTAKAHASHI, KUWAKO
245 1 0 _aEAST MEETS WEST:
_cTAKAHASHI, KUWAKO
_bTABLE SETTING /
260 _aTOKYO :
_bSHUFUNOTOMO CO., LTD ،
_c1993
300 _a156 P :
_bPICTURE ;
_c24 CM
650 0 4 _aART
650 0 4 _aDECORATION
942 _2ddc
_cBK
999 _c19202
_d19202